| 000 | 00000nam##2200000za#4500 |
| 001 | 9.647948 |
| 003 | CaOODSP |
| 005 | 20241203113635 |
| 007 | ta |
| 008 | 150407|2000||||xxc||||| f|0| 0 eng|d |
| 020 | |a0-662-65363-7 |
| 040 | |aCaOODSP|beng |
| 043 | |an-cn--- |
| 086 | 1 |aEn40-611/2000E |
| 110 | 1 |aCanada. |bEnvironment Canada. |
| 245 | 12|aA federal approach to contaminated sites / |cBy Contaminated Sites Management Working Group. |
| 260 | |aOttawa - Ontario : |bEnvironment Canada |c2000. |
| 300 | |aiv, 58p. : |breferences ; |c28 cm. |
| 500 | |aN.B.: Incorrect catalogue number (EN40-611/2000) printed in this publication. "This Approach has been developed to support and augment the above CSMWG's Policy. It will assist the CSMWG mandate in establishing a consistent and uniform government-wide approach to the management of contaminated sites."--Page 5. |
| 563 | |aSpiral binding |
| 590 | |a01-03|b2001-01-19 |
| 690 | 07|aContamination|2gcpds |
| 690 | 07|aSite management|2gcpds |
| 690 | 07|aEnvironmental policy|2gcpds |
| 690 | 07|aPollution control|2gcpds |
| 775 | 08|tApproche fédérale en matière de lieux contaminés / |w(CaOODSP)9.681329 |
| 776 | 0#|tA federal approach to contaminated sites / |w(CaOODSP)9.696170 |